• 首页
  • 本馆介绍
  • 公告通知
  • 最新文献
  • 馆藏检索
  • 电子资源
  • 读者导购
  • 参考咨询
  • 我的图书馆
  • 登录
  • 详细信息显示
  • 放入我的书架
  • 预约/预借图书
  • 作者相关作品
  • 分类相关作品
  • 丛书相关作品
  • 出版社相关作品

书目信息

  • 表格格式
  • 工作单格式
  • 卡片格式
题名:
中医中药学基础
    
 
作者: 《中医中药学基础》编写组修订组修编
分册:  
出版信息: 北京   战士出版社  1981
页数: 355页
开本: 19cm
丛书名:
单 册:
中图分类: R93
科图分类:
主题词: 生约学--基本知识
电子资源:
ISBN:
000 00598nam0 2200229 45
001 0181001083
005 20060419094716.64
010    @dCNY1.10
091    @aCN@b14185.23
100    @a19950615d1981 em y0chiy0121 ea
101 0  @achi
102    @aCN@b110000
105    @ay z 000yy
200 10 @a中医中药学基础@Azhong yi zhong yao xue ji chu@f《中医中药学基础》编写组修订组修编
210    @a北京@c战士出版社@d1981
215    @a355页@d19cm
300    @a护士教材
606    @a生约学@x基本知识
690    @aR93@v3
801  2 @aCN@bNLC@c20060419
801  0 @aCN@bTSSF
905    @a10447@dR93@e10
    
    中医中药学基础/《中医中药学基础》编写组修订组修编.-北京:战士出版社,1981
    355页;19cm
    护士教材
    
    ISBN :CNY1.10
    
●
相关链接 在E读中查询图书 在五车中查询图书 在当当中查询图书 在豆瓣中查询图书


正题名:中医中药学基础     索取号:R93/10         预约/预借

序号 登录号 条形码 馆藏地/架位号 状态 备注
1 0048347   001698194   密集书库/ [索取号:R93/10] 在馆    
2 0048348   001698149   密集书库/ [索取号:R93/10] 在馆    
唐山师范学院图书馆 欢迎您!
大连网信软件有限公司© 版权所有